Loreto College Library, Kolkata
WEBOPAC (ONLINE PUBLIC ACCESS CATALOGUE)

The hidden string (Record no. 44225)

MARC details
000 -LEADER
fixed length control field 00661nam a22002177a 4500
005 - DATE AND TIME OF LATEST TRANSACTION
control field 20260220113242.0
008 - FIXED-LENGTH DATA ELEMENTS--GENERAL INFORMATION
fixed length control field 260203b |||||||| |||| 00| 0 eng d
020 ## - ISBN | অাই এস বি এন
ISBN | অাই এস বি এন 978-93-7033-013-9
PRICE Rs.2650.00
040 ## - CATALOGING SOURCE
Original cataloging agency Loreto College
041 ## - LANGUAGE CODE
Language code English
082 ## - DDC | ডিউই
Classification number | বর্গসংখ্যা 954.14
Book Number | গ্রন্থাঙ্ক CHA
100 ## - MAIN ENTRY--PERSONAL NAME | মুখ্য সংলেখ - ব্যাক্তিনাম
Personal name | ব্যাক্তিনাম Chaudhuri,Binay Bhushan
245 ## - TITLE STATEMENT | অাখ্যা বিবরণী
Title | অাখ্যা The hidden string
Sub title | উপঅাখ্যা Agrarian economy of colonial Bengal and its institutional framework
Statement of responsibility | লেখকের দায়িত্বের বিবরণ Binay Bhushan Chaudhuri
260 ## - IMPRINT | প্রকাশনা ক্ষেত্র
Place of publication | প্রকাশ স্থান Delhi
Name of publisher | প্রকাশকের নাম Primus Books
Date of publication | প্রকাশ কাল 2025
300 ## - PHYSICAL DESCRIPTION |
Page / Vol. No | পৃষ্ঠা / খন্ড সংখ্যা 911p.;24cm.
504 ## - BIBLIOGRAPHY, ETC. NOTE
Bibliography, etc Includes index
650 ## - SUBJECT ADDED ENTRY--TOPICAL TERM | বিষয় শিরোনাম - মূল বিষয়
Topical term | মূল বিষয় History
650 ## - SUBJECT ADDED ENTRY--TOPICAL TERM | বিষয় শিরোনাম - মূল বিষয়
Topical term | মূল বিষয় Colonial Bengal
850 ## - HOLDING INSTITUTION
Holding institution LCLIB
942 ## - ADDED ENTRY ELEMENTS (KOHA)
Koha item type Books
Holdings
Withdrawn status Lost status Source of classification Damaged status Not for loan Home library Current library Date acquired Price Total Checkouts Full call number Accession No. Date last seen Price effective from Koha item type Coded location qualifier
    Dewey Decimal Classification     Loreto College Loreto College 03/02/2026 2650.00   954.14 CHA 54885 48414 03/02/2026 03/02/2026 Books